Inteligencias múltiples en la persona / Elena María Ortiz de Maschwitz (Registro nro. 7364)

Detalles MARC
000 -LEADER
fixed length control field 00551nam a22001931a 4500
001 - CONTROL NUMBER
control field 7364
003 - CONTROL NUMBER IDENTIFIER
control field OSt
005 - DATE AND TIME OF LATEST TRANSACTION
control field 20260204212128.0
008 - FIXED-LENGTH DATA ELEMENTS--GENERAL INFORMATION
fixed length control field 071023s2005||||ag ||||||b||||||||||spa||
020 ## - NUMERO DE LIBRO INTERNACIONAL NORMALIZADO
International Standard Book Number 9505075707
050 ## - LIBRARY OF CONGRESS CALL NUMBER
Classification number 370.7 O9i
100 ## - ASIENTO PRINCIPAL -- NOMBRE PERSONAL
Personal name Ortiz de Maschwitz, Elena María
245 ## - TÍTULO PROPIAMENTE DICHO: SUBTÍTULO
Title Inteligencias múltiples en la persona / Elena María Ortiz de Maschwitz
264 ## - PRODUCTION, PUBLICATION, DISTRIBUTION, MANUFACTURE, AND COPYRIGHT NOTICE
Place of production, publication, distribution, manufacture Argentina : Bonum
300 ## - PHYSICAL DESCRIPTION
Extensión 317 p
500 ## - GENERAL NOTE
General note Incluye indice y bibliografía
650 ## - ASIENTO SECUNDARIO DE MATERIA -- TERMINO TEMÁTICO
Termino Temático Como Elemento de Entrada Inteligencia - Educación 2.Formación DocenteÌ
942 ## - ADDED ENTRY ELEMENTS (KOHA)
Source of classification or shelving scheme Dewey Decimal Classification
Koha item type Libros
Existencias
Withdrawn status Lost status Source of classification or shelving scheme Damaged status Not for loan Current library Date acquired Total Checkouts Full call number Barcode Date last seen Price effective from Koha item type
    Dewey Decimal Classification     Biblioteca UTECO 09/09/2019   370.7 O9I 013519 09/09/2019 09/09/2019 Libros
© 2021 Derechos Reservados UTECO - Teléfono: +1 809-585-2291 - Correo electrónico: biblioteca@uteco.edu.do​  
Código postal 43000 ​​
Dirección: Avenida Universitaria No. 100, 
Cotuí, Provincia Sánchez Ramírez, República Dominicana - RNC: 404-00059-6